[Event "Tourn. n8536"]
[Site "www.chess-mail.com"]
[Date "2016.02.10"]
[Round "1"]
[White "Malbertan"]
[Black "Julian"]
[WhiteElo "2050"]
[BlackElo "1960"]
[Result "1-0"]
[Round "1"]
1.e4 c5
2.Ng1f3 d6
3.d4 cxd4
4.Qd1xd4 Nb8c6
5.Bf1b5 Bc8d7
6.Bb5xc6 Bd7xc6
7.Nb1c3 Ng8f6
8.Bc1g5 e6
9.O-O-O Bf8e7
10.e5 dxe5
11.Qd4xe5 Qd8b6
12.Bg5e3 Qb6a6
13.Nf3d4 O-O
14.Nd4xc6 bxc6
15.Be3c5 Be7xc5
16.Qe5xc5 Ra8b8
17.Qc5d4 Nf6d5
18.Qd4a4 Qa6b6
19.Qa4a3 Qb6xf2
20.Nc3xd5 cxd5
21.Rd1f1 Qf2d4
22.Rf1f3 Rf8c8
23.Rh1d1 Qd4e4
24.Qa3d3 Qe4a4
25.Kb1 e5
26.Qd3d2 e4
27.Rf3b3 Rb8xb3
28.cxb3 Qa4c6
29.Rd1e1 f5
30.Qd2f4 Qc6c2
31.Ka1 d4
32.a3 d3
33.Qf4xf5 Rc8e8
34.Qf5d5 Kh8
35.Re1xe4 Re8c8
36.Re4c4 Qc2d1
37.Ka2 Rc8b8
38.Rc4d4 h6
39.Rd4xd3 Qd1g1
40.Qd5d6 Rb8b6
41.Qd6f8 Kh7
42.Qf8f5 Rb6g6
43.Rd3g3 Qg1b6
44.h4 Qb6f6
45.Qf5d3 a6
46.h5 { resign }
1-0

[Event "Tourn. n8604"]
[Site "www.chess-mail.com"]
[Date "2016.02.10"]
[Round "1"]
[White "Cal"]
[Black "Gatrooper"]
[WhiteElo "1580"]
[BlackElo "1650"]
[Result "1-0"]
[Round "1"]
1.c4 c5
2.Nb1c3 Ng8f6
3.e4 e5
4.Ng1f3 Nb8c6
5.d3 d6
6.h3 h6
7.a3 a6
8.b3 Bc8d7
9.Bf1e2 Nc6d4
10.Nf3h4 Bf8e7
11.O-O g5
12.Nc3d5 Nf6xd5
13.cxd5 gxh4
14.Be2h5 Qd8b6
15.Bc1e3 Nd4xb3
16.Ra1b1 Bd7a4
17.f4 Qb6d8
18.fxe5 Rh8h7
19.Rf1f5 Kd7
20.Rb1xb3 Ba4xb3
21.Qd1xb3 Kc8
22.Bh5g4 b5
23.Rf5xf7 Kb7
24.Rf7xh7 Ra8a7
25.e6 Kb6
26.a4 b4
27.Qb3c4 Kb7
28.Be3xh6 Kb8
29.Bg4f5 Qd8g8
30.Rh7g7 Qg8c8
31.Bf5h7 Ka8
32.Rg7g8 Be7d8
33.Bh6g5 Ra7b7
34.Qc4xa6 Kb8
35.Rg8xd8 Qc8xd8
36.Bg5xd8 Rb7a7
37.Qa6xd6 Ka8
38.e7 Ra7xe7
39.Bd8xe7 b3
40.Qd6xc5 b2
41.Qc5c6 Ka7
42.Be7c5 Kb8
43.Qc6b6 Kc8
44.Bh7f5 { resign }
1-0

[Event "Tourn. n8539"]
[Site "www.chess-mail.com"]
[Date "2016.02.10"]
[Round "1"]
[White "Ffdd65"]
[Black "Norlavuaram"]
[WhiteElo "2210"]
[BlackElo "2150"]
[Result "1/2-1/2"]
[Round "1"]
1.e4 e5
2.Ng1f3 Nb8c6
3.Bf1b5 a6
4.Bb5xc6 dxc6
5.d3 f6
6.O-O Bf8d6
7.Bc1e3 Ng8e7
8.c3 O-O
9.d4 exd4
10.Nf3xd4 Bc8d7
11.Nb1d2 c5
12.Nd4e2 b6
13.Nd2c4 Bd7c6
14.Nc4xd6 cxd6
15.Ne2f4 Qd8d7
16.f3 d5
17.exd5 Ne7xd5
18.Nf4xd5 Qd7xd5
19.Rf1f2 Qd5e5
20.Rf2e2 Ra8d8
21.Be3d2 Qe5c7
22.Re2e3 Qc7d7
23.Re3e2 { draw }
1/2-1/2

[Event "Tourn. n8551"]
[Site "www.chess-mail.com"]
[Date "2016.02.10"]
[Round "1"]
[White "Gearoid"]
[Black "Cathar"]
[WhiteElo "2370"]
[BlackElo "2270"]
[Result "1-0"]
[Round "1"]
1.e4 c5
2.Nb1c3 Nb8c6
3.f4 g6
4.Ng1f3 Bf8g7
5.d3 d6
6.g3 e6
7.Bf1g2 Ng8e7
8.O-O O-O
9.Bc1e3 b6
10.Be3f2 Bc8a6
11.Qd1d2 Qd8d7
12.a4 f5
13.Rf1e1 Nc6d4
14.Bf2xd4 cxd4
15.Nc3b5 Ba6xb5
16.axb5 Qd7xb5
17.Nf3g5 fxe4
18.Qd2e2 Qb5xb2
19.Qe2xe4 e5
20.Qe4b7 Ne7f5
21.g4 Nf5e3
22.Ng5e6 Bg7f6
23.Ne6xf8 Qb2xc2
24.Qb7xa8 { resign }
1-0

[Event "Tourn. n8582"]
[Site "www.chess-mail.com"]
[Date "2016.02.10"]
[Round "1"]
[White "Masteratches"]
[Black "Numanoid"]
[WhiteElo "2480"]
[BlackElo "2470"]
[Result "1-0"]
[Round "1"]
1.d4 d5
2.c4 c6
3.Ng1f3 Ng8f6
4.e3 e6
5.Bf1d3 dxc4
6.Bd3xc4 c5
7.O-O a6
8.Nb1d2 cxd4
9.Nf3xd4 Bf8d6
10.b3 O-O
11.Bc4d3 Nb8d7
12.Nd2c4 Bd6b8
13.Bc1a3 Nd7b6
14.Ba3xf8 Kxf8
15.Nc4xb6 Qd8xb6
16.Nd4f3 e5
17.Nf3g5 h6
18.Ng5e4 Nf6d5
19.Ra1c1 Bb8a7
20.Qd1h5 f6
21.Rf1d1 { resign }
1-0

[Event "Tourn. n8544"]
[Site "www.chess-mail.com"]
[Date "2016.02.10"]
[Round "1"]
[White "Roque1"]
[Black "Knightjumper"]
[WhiteElo "1750"]
[BlackElo "1690"]
[Result "1-0"]
[Round "1"]
1.e4 d6
2.d4 g6
3.Ng1f3 Bf8g7
4.Nb1c3 c6
5.Bf1c4 e6
6.Bc1g5 Ng8e7
7.Qd1d3 d5
8.Bc4b3 h6
9.Bg5h4 g5
10.Bh4g3 Nb8d7
11.e5 Ne7g6
12.O-O O-O
13.Kh1 b6
14.Nc3e2 c5
15.c4 Bc8a6
16.Nf3g1 cxd4
17.Qd3xd4 dxc4
18.Bb3xc4 Ba6xc4
19.Qd4xc4  { time }
1-0

[Event "Match"]
[Site "www.echecsemail.com"]
[Date "2016.02.10"]
[Round "1"]
[White "Starwind"]
[Black "Heiserman"]
[WhiteElo "1929"]
[BlackElo "2230"]
[Result "1-0"]
[Round "1"]
1.d4 Ng8f6
2.c4 c5
3.d5 b5
4.cxb5 a6
5.bxa6 Bc8xa6
6.Nb1c3 g6
7.Ng1f3 Bf8g7
8.g3 d6
9.Bf1g2 O-O
10.O-O Nb8d7
11.Ra1b1 Nd7b6
12.b3 Ba6b7
13.e4  { time }
1-0

[Event "Match"]
[Site "www.echecsemail.com"]
[Date "2016.02.10"]
[Round "1"]
[White "Rindrandria"]
[Black "Ranjachess"]
[WhiteElo "1580"]
[BlackElo "1690"]
[Result "0-1"]
[Round "1"]
1.e4 e5
2.Ng1f3 Nb8c6
3.Bf1b5 Nc6d4
4.Bb5c4 Bf8c5
5.Nf3xe5 Qd8h4
6.d3 Nd4xc2
7.Qd1xc2 Bc5xf2
8.Kd1 d6
9.Bc4xf7 Kf8
10.Qc2xc7 dxe5
11.Rh1f1 Qh4g4
12.Kd2 Qg4f4
13.Ke2 Bc8g4

0-1

[Event "Match"]
[Site "www.echecsemail.com"]
[Date "2016.02.10"]
[Round "1"]
[White "Tomcapp"]
[Black "Biggles"]
[WhiteElo "1570"]
[BlackElo "1499"]
[Result "0-1"]
[Round "1"]
1.e4 e5
2.Ng1f3 Nb8c6
3.Bf1b5 Nc6d4
4.Nf3xd4 exd4
5.d3 Bf8c5
6.Bc1d2 c6
7.Bb5c4 d6
8.c3 Ng8f6
9.Qd1f3 O-O
10.Bd2g5 dxc3
11.bxc3 d5
12.exd5 Rf8e8
13.Kf1 Qd8e7
14.Nb1d2 Qe7e5
15.dxc6 Qe5xg5
16.Nd2e4 Re8xe4
17.dxe4 bxc6
18.g3 Bc8h3
19.Kg1 h5
20.Ra1d1 Bh3g4
21.Qf3d3 Bg4xd1
22.Qd3xd1 Nf6xe4
23.h4 Qg5xg3
24.Kf1 Qg3xf2

0-1

[Event "Match"]
[Site "www.echecsemail.com"]
[Date "2016.02.10"]
[Round "1"]
[White "Krystek23"]
[Black "Neoncrash"]
[WhiteElo "2170"]
[BlackElo "1930"]
[Result "1-0"]
[Round "1"]
1.c4 e5
2.Nb1c3 Ng8f6
3.d3 d5
4.cxd5 Nf6xd5
5.Ng1f3 Nb8c6
6.e4 Nd5b6
7.Bf1e2 f6
8.Bc1d2  { time }
1-0

[Event "1/64 Finale"]
[Site "www.chess-mail.com"]
[Date "2016.02.10"]
[Round "1"]
[White "Pariolinius"]
[Black "Hennie4820"]
[WhiteElo "1990"]
[BlackElo "2020"]
[Result "1/2-1/2"]
[Round "1"]
1.d4 Ng8f6
2.c4 e6
3.Ng1f3 b6
4.Nb1c3 Bf8b4
5.Qd1c2 O-O
6.e4 Bc8b7
7.Bf1d3 d5
8.cxd5 exd5
9.e5 Nf6e4
10.Bc1d2 Ne4xd2
11.Qc2xd2 c5
12.O-O Nb8d7
13.Qd2c2 Ra8c8
14.Nc3b5 cxd4
15.Qc2b3 Bb4c5
16.Ra1c1 Rf8e8
17.Rf1e1 a6
18.Nb5d6 Bc5xd6
19.exd6 Nd7f6
20.Bd3f5 Rc8xc1
21.Re1xc1 Qd8xd6
22.Nf3xd4 g6
23.Bf5h3 Qd6e5
24.Qb3d1 h5
25.b3 g5
26.Bh3f5 Kg7
27.g3 b5
28.Bf5h3 g4
29.Bh3g2 Nf6e4
30.Qd1d3 f5
31.Rc1e1 Qe5f6
32.Kf1 Re8c8
33.Bg2xe4 dxe4
34.Qd3d2 Rc8d8
35.Re1d1 Kh7
36.Qd2e3 b4
37.Ke1 a5
38.Nd4e2 Rd8xd1
39.Kxd1 Qf6a1
40.Ne2c1 Qa1e5
41.Nc1e2 Qe5a1
42.Ne2c1 Qa1f6
43.Ke1 Bb7a6
44.Qe3a7 Kg6
45.Qa7c5 Qf6c3
46.Qc5xc3 bxc3
47.Kd1 Ba6d3
48.a3 Kf6
49.Nc1a2 c2
50.Kd2 Ke5
51.Kc3 Kd5
52.Na2c1 Kc5
53.b4 axb4
54.axb4 Kb5
55.Nc1a2 Bd3c4
56.Na2c1 Bc4d3
57.Kb3 Kb6
58.Kc3 Kb5
{ draw }
1/2-1/2

[Event "Eq:chibcha-Slap Shot Mates : "]
[Site "www.chess-mail.com"]
[Date "2016.02.10"]
[Round "1"]
[White "Ditto"]
[Black "Witpar"]
[WhiteElo "1830"]
[BlackElo "2690"]
[Result "0-1"]
[Round "1"]
1.e4 c5
2.Nb1c3 Nb8c6
3.Ng1f3 g6
4.d4 cxd4
5.Nf3xd4 Bf8g7
6.Bc1e3 Ng8f6
7.Bf1c4 O-O
8.O-O d6
9.Rf1e1 Nf6g4
10.Nd4xc6 bxc6
11.Qd1f3 Ra8b8
12.b3 Bg7xc3
13.h3 Ng4xe3
14.Qf3xe3 Bc3xa1
15.Re1xa1 Qd8b6
16.Qe3d3 Bc8e6
17.Bc4xe6 fxe6
18.Ra1f1 Rf8f6
19.a4 Rb8f8
20.Qd3e2 Qb6c5
21.c4 Rf6f4
22.Qe2c2 Qc5d4
23.g3 Rf4f3
24.Kg2 Rf3c3
25.Qc2e2 Rc3xb3
 { time }
0-1

[Event "Tourn. n8587"]
[Site "www.chess-mail.com"]
[Date "2016.02.11"]
[Round "1"]
[White "Woody"]
[Black "Cal"]
[WhiteElo "1499"]
[BlackElo "1550"]
[Result "1-0"]
[Round "1"]
1.d4 d5
2.c4 dxc4
3.Ng1f3 e6
4.Nb1c3 Bf8b4
5.e3 Ng8f6
6.Bf1xc4 a6
7.a3 O-O
8.axb4 c6
9.O-O h6
10.e4 b5
11.Bc4b3 Bc8d7
12.Qd1d3 Qd8e7
13.e5 Nf6h7
14.Bb3c2 f5
15.Rf1e1 Bd7e8
16.Bc1d2 Nb8d7
17.Re1e2 Be8h5
18.Ra1e1 Bh5xf3
19.Qd3xf3 a5
20.Qf3xc6 axb4
21.Nc3xb5 Rf8c8
22.Qc6b7 Nh7f8
23.Nb5d6 Rc8b8
24.Qb7f3 Ra8a2
25.Qf3b3 Rb8a8
26.Bd2xb4 Kh7
27.Nd6xf5 exf5
28.Bb4xe7 Nf8g6
29.Bc2xf5 Ra2a4
30.Qb3f7 Ra4xd4
31.Qf7xg6 Kg8
32.Be7f6 Nd7xf6
33.exf6 Ra8a7
34.Re2e8 { resign }
1-0

[Event "Tourn. n8446"]
[Site "www.chess-mail.com"]
[Date "2016.02.11"]
[Round "1"]
[White "Wwgia"]
[Black "Bira47"]
[WhiteElo "2200"]
[BlackElo "2010"]
[Result "1-0"]
[Round "1"]
1.d4 b6
2.c4 e6
3.Ng1f3 Bc8b7
4.a3 h6
5.Nb1c3 Ng8f6
6.g3 Bf8e7
7.Bf1g2 O-O
8.O-O d5
9.Nf3e5 Nb8d7
10.cxd5 Nf6xd5
11.Ne5d3 Be7f6
12.e3 c6
13.e4 Nd5xc3
14.bxc3 e5
15.f4 exd4
16.e5 Bf6e7
17.cxd4 Ra8b8
18.f5 f6
19.e6 c5
20.exd7 Qd8xd7
21.Bg2xb7 Qd7xd4
22.Nd3f2 Rb8xb7
23.Qd1xd4 cxd4
24.Bc1d2 Be7c5
25.Nf2d3 Bc5d6
26.Bd2b4 Bd6xb4
27.axb4 Rf8e8
28.Rf1e1 Rb7e7
29.Kf2 Kf7
30.Re1xe7 Re8xe7
31.Ra1e1 Re7xe1
32.Kxe1 g6
33.g4 gxf5
34.gxf5 a6
35.Kd2 h5
36.Nd3f4 h4
37.Kd3 a5
38.b5 a4
39.Kxd4 a3
40.Kc3 a2
41.Kb2 a1Q
42.Kxa1 Ke8
43.Kb2 Kd7
44.Kc3 Kd6
45.Kd4  { time }
1-0

[Event "Tourn. n8549"]
[Site "www.chess-mail.com"]
[Date "2016.02.11"]
[Round "1"]
[White "Genius7"]
[Black "Norlavuaram"]
[WhiteElo "2160"]
[BlackElo "2160"]
[Result "0-1"]
[Round "1"]
1.c4 e5
2.Nb1c3 Ng8f6
3.Ng1f3 Nb8c6
4.d4 exd4
5.Nf3xd4 Nc6xd4
6.Qd1xd4 Bf8e7
7.e4 d6
8.Bf1e2 O-O
9.O-O Bc8e6
10.Nc3d5 Nf6d7
11.Nd5xe7 Qd8xe7
12.Be2f3 Nd7e5
13.Bf3e2 Ne5c6
14.Qd4c3 Qe7h4
15.Be2f3 Nc6e5
16.b3 f5
17.exf5 Ne5xf3
18.Qc3xf3 Be6xf5
19.Qf3xb7 Bf5e4
20.Qb7xc7 Qh4g4
21.g3 Qg4f3
{ resign }
0-1

[Event "Tourn. n8586"]
[Site "www.chess-mail.com"]
[Date "2016.02.11"]
[Round "1"]
[White "Cathar"]
[Black "Starwind"]
[WhiteElo "2280"]
[BlackElo "2249"]
[Result "0-1"]
[Round "1"]
1.e4 e6
2.d4 d5
3.Nb1c3 Bf8b4
4.e5 c5
5.a3 Bb4xc3
6.bxc3 Ng8e7
7.Qd1g4 O-O
8.Bf1d3 Nb8c6
9.Qg4h5 Ne7g6
10.Ng1f3 Qd8c7
11.Bc1e3 c4
12.Bd3xg6 fxg6
13.Qh5g4 Qc7f7
14.Nf3g5 Qf7e8
15.h4 h6
16.Ng5h3 b5
17.Qg4e2 Bc8d7
18.g4 a5
19.h5 gxh5
20.gxh5 Rf8f5
21.Nh3f4 b4
22.Kd2 bxc3
23.Kxc3 Nc6xd4
24.Kxd4 Qe8b8
25.Ra1b1 Qb8xe5
26.Kc5 Ra8c8
27.Kb6 Qe5c7
28.Ka6 Rc8a8
{ resign }
0-1

[Event "Tourn. n8597"]
[Site "www.chess-mail.com"]
[Date "2016.02.11"]
[Round "1"]
[White "Libiesse"]
[Black "Amaya"]
[WhiteElo "1990"]
[BlackElo "2040"]
[Result "1-0"]
[Round "1"]
1.d4 g6
2.c4 Bf8g7
3.Nb1c3 Ng8f6
4.Ng1f3 O-O
5.Bc1g5 d6
6.e3 Nb8d7
7.Bf1e2 Rf8e8
8.O-O e5
9.d5 h6
10.Bg5xf6 Nd7xf6
11.e4 Bc8g4
12.Nf3d2 Bg4d7
13.f4 Qd8c8
14.fxe5 Re8xe5
15.Be2d3 Bd7h3
16.Nd2f3 Nf6h5
17.Nf3xe5 Bg7xe5
18.Qd1f3 Nh5f4
19.gxh3 Nf4xh3
20.Kh1 f6
21.Kg2 Nh3f4
22.Kh1 h5
23.Ra1b1 g5
24.Nc3e2 Nf4xe2
25.Bd3xe2 g4
26.Qf3f5 Qc8e8
27.Rf1g1 Kf7
28.Qf5xh5 { resign }
1-0

[Event "Tourn. n8579"]
[Site "www.chess-mail.com"]
[Date "2016.02.11"]
[Round "1"]
[White "Ochoreales"]
[Black "Roque1"]
[WhiteElo "1960"]
[BlackElo "1810"]
[Result "0-1"]
[Round "1"]
1.e4 c5
2.Ng1f3 e6
3.d4 cxd4
4.Nf3xd4 Ng8f6
5.Nb1c3 Bf8b4
6.e5 Nf6d5
7.Bc1d2 Bb4xc3
8.Bd2xc3 Nd5xc3
9.bxc3 Qd8a5
10.Bf1e2 Qa5xc3
11.Qd1d2 Qc3xa1
{ resign }
0-1

[Event "Tourn. n8478"]
[Site "www.chess-mail.com"]
[Date "2016.02.11"]
[Round "1"]
[White "Ericleo1980"]
[Black "Wwgia"]
[WhiteElo "2280"]
[BlackElo "2230"]
[Result "0-1"]
[Round "1"]
1.e4 c5
2.Ng1f3 Nb8c6
3.d4 cxd4
4.Nf3xd4 g6
5.Nb1c3 Bf8g7
6.Bc1e3 Ng8f6
7.Bf1c4 O-O
8.Bc4b3 a5
9.a4 Nc6b4
10.e5 Nf6e8
11.Nd4f3 d5
12.Nc3xd5 Nb4xd5
13.Bb3xd5 Ne8c7
14.Bd5c4 Nc7e6
15.Qd1e2 Qd8c7
16.Be3d2 Rf8d8
17.O-O Rd8xd2
18.Nf3xd2 Ne6d4
19.Qe2e4 Bg7xe5
20.f4 Be5f6
21.c3 Bc8f5
22.Qe4e3 Nd4c2
 { time }
0-1

[Event "Tourn. n8623"]
[Site "www.chess-mail.com"]
[Date "2016.02.11"]
[Round "1"]
[White "Jftgalloso"]
[Black "Duff"]
[WhiteElo "1760"]
[BlackElo "1790"]
[Result "1-0"]
[Round "1"]
1.Ng1f3 d5
2.g3 Ng8f6
3.Bf1g2 Nb8c6
4.d3 e5
5.e3 Bf8c5
6.Nf3xe5 Nc6xe5
7.d4 Bc5xd4
8.exd4 Ne5g6
9.Qd1e2 Bc8e6
10.Qe2b5 c6
11.Qb5xb7 Be6d7
12.O-O O-O
13.b3 Qd8e7
14.Bc1a3 { resign }
1-0

[Event "Tourn. n8502"]
[Site "www.chess-mail.com"]
[Date "2016.02.11"]
[Round "1"]
[White "Squimichele"]
[Black "Terrible"]
[WhiteElo "2490"]
[BlackElo "2290"]
[Result "1-0"]
[Round "1"]
1.d4 Ng8f6
2.Ng1f3 d5
3.Bc1g5 Nb8d7
4.Nb1d2 g6
5.e3 Bf8g7
6.Bf1e2 O-O
7.O-O c5
8.c3 b6
9.Nf3e5 Bc8b7
10.f4 Ra8c8
11.Qd1b3 c4
12.Qb3a3 a6
13.b3 b5
14.Qa3b4 Bb7a8
15.a4 a5
16.Qb4a3 b4
17.cxb4 c3
18.Nd2f3 Nd7xe5
19.fxe5 Nf6e4
20.bxa5 f6
21.Bg5f4 g5
22.Bf4g3 Ne4xg3
23.hxg3 fxe5
24.dxe5 h6
25.Qa3b4 Qd8c7
26.Qb4b6 Qc7c5
27.Qb6e6 Kh8
28.Nf3d4 c2
29.Be2d3 { resign }
1-0

[Event "Tourn. n8539"]
[Site "www.chess-mail.com"]
[Date "2016.02.11"]
[Round "1"]
[White "Genius7"]
[Black "Ffdd65"]
[WhiteElo "2140"]
[BlackElo "2210"]
[Result "1/2-1/2"]
[Round "1"]
1.d4 d5
2.Nb1c3 Nb8c6
3.Ng1f3 h6
4.g3 Bc8f5
5.a3 e6
6.Bf1g2 Ng8f6
7.O-O Bf8d6
8.Nc3b5 O-O
9.Nb5xd6 Qd8xd6
10.Bc1f4 Qd6d7
11.Nf3e5 Nc6xe5
12.Bf4xe5 Nf6g4
13.Be5f4 Rf8e8
14.h3 Ng4f6
15.c3 Ra8c8
16.Bf4e5 Qd7e7
17.Be5xf6 Qe7xf6
18.e3 Qf6g6
19.Kh2 Bf5e4
20.Bg2xe4 Qg6xe4
{ draw }
1/2-1/2

[Event "Match"]
[Site "www.echecsemail.com"]
[Date "2016.02.11"]
[Round "1"]
[White "Ztornad"]
[Black "Fangshuo"]
[WhiteElo "1770"]
[BlackElo "2100"]
[Result "0-1"]
[Round "1"]
1.Nb1c3 Ng8f6
2.g3 e5
3.a3 Bf8c5
4.e3 Nb8c6
5.Bf1g2 d5
6.e4 dxe4
7.Bg2h3 Bc8xh3
8.Ng1xh3 Qd8d7
9.Nh3g5 Qd7f5
10.O-O h6
11.Nc3xe4 hxg5
12.Ne4xc5 Qf5h3
13.Rf1e1 Nf6g4
14.c3 Qh3xh2
15.Kf1 Qh2xf2
{ resign }
0-1

[Event "Match"]
[Site "www.echecsemail.com"]
[Date "2016.02.11"]
[Round "1"]
[White "Ejner"]
[Black "Attatroll"]
[WhiteElo "1809"]
[BlackElo "2030"]
[Result "1-0"]
[Round "1"]
1.c4 f5
2.g3 c6
3.Ng1f3 Ng8f6
4.Bf1g2 g6
5.O-O Bf8g7
6.Nb1c3 O-O
7.d3 d6
8.Ra1b1 e5
9.Bc1g5 Nb8d7
10.b4 a6
11.a4 h6
12.Bg5xf6 Nd7xf6
13.b5 axb5
14.axb5 Bc8d7
15.c5 Bd7e8
16.cxd6 Qd8xd6
17.bxc6 Be8xc6
18.Nf3h4 Kh7
19.Bg2xc6 Qd6xc6
20.Qd1b3 Rf8c8
21.Qb3f7 Qc6xc3
22.Rb1xb7 Rc8g8
23.Qf7xf6 Qc3c8
24.Qf6xg6 Kh8
25.Qg6xf5 Ra8a6
26.Rf1b1 Ra6f6
27.Nh4g6 { resign }
1-0

[Event "Match"]
[Site "www.echecsemail.com"]
[Date "2016.02.11"]
[Round "1"]
[White "Ditto"]
[Black "Gambitmiau"]
[WhiteElo "1810"]
[BlackElo "1820"]
[Result "0-1"]
[Round "1"]
1.e4 e5
2.Ng1f3 a6
3.Bf1c4 d6
4.d4 Bc8g4
5.Bc1g5 Bg4xf3
6.Bc4xf7 Kxf7
7.Qd1xf3 Ng8f6
8.Nb1c3 Bf8e7
9.dxe5 dxe5
10.Nc3d5 Rh8f8
11.Qf3b3 Ke8
12.Ra1d1 Qd8c8
13.Qb3c3 Nb8c6
14.Qc3c4 b5
15.Qc4xc6 Kf7
16.Nd5xf6 Be7xf6
17.Qc6d5 Qc8e6
18.Bg5xf6 Qe6xd5
19.Rd1xd5 Kxf6
20.f3 c6
21.Rd5d6 Kf7
22.Rd6xc6 Rf8d8
23.O-O Rd8d2
24.b4 a5
25.a3 axb4
26.axb4 Ra8d8
27.Rc6c5 Rd2e2
28.c3 Rd8d2
29.Rc5c7 Ke6
30.Rc7xg7 Kf6
31.Rg7g4 h5
32.Rg4g8 Kf7
33.Rg8g5 h4
34.h3 Rd2c2
35.Rf1b1 Kf6
36.Rg5g4 Rc2xc3
37.Rg4xh4 Re2d2
38.Rh4g4 Rd2d7
39.h4 Rd7g7
40.Rg4xg7 Kxg7
41.Kh2 Kg6
42.Kh3 Kh5
43.Kg3 Rc3c4
44.Kh3 Rc4c6
45.g4 Kg6
46.Rb1b3 Rc6c4
47.Kg3 Kf6
48.Kf2 Rc4c2
49.Ke3 { time. }
0-1

[Event "Match"]
[Site "www.echecsemail.com"]
[Date "2016.02.11"]
[Round "1"]
[White "Wwgia"]
[Black "Tonino1"]
[WhiteElo "2150"]
[BlackElo "2050"]
[Result "0-1"]
[Round "1"]
1.d4 Ng8f6
2.c4 g6
3.Nb1c3 Bf8g7
4.e4 d6
5.Ng1f3 O-O
6.Bf1e2 e5
7.O-O Nb8c6
8.d5 Nc6e7
9.Nf3e1 Nf6e8
10.f3 f5
11.Bc1e3 f4
12.Be3f2 g5
13.a4 h5
14.a5 Ne7g6
15.b4 Ne8f6
16.a6 b6
17.c5 g4
18.cxb6 cxb6
19.Ra1c1 Qd8d7
20.Be2b5 Qd7e7
21.Bb5c6 Ra8b8
22.Bc6a4 h4
23.Nc3b5 g3
24.Rc1c7 gxf2
25.Rf1xf2 Bc8d7
26.Nb5xa7 Rf8d8
27.Na7c6 Qe7e8
28.b5 Bd7xc6
29.dxc6 Kh8
30.Rf2d2 Bg7f8
31.Rc7b7 Rd8c8
32.Rd2xd6 Bf8xd6
33.Qd1xd6 Qe8d8
34.Qd6xb8 Rc8xb8
35.c7 Qd8d4
36.Kf1 Qd4c4
37.Kg1 Rb8xb7
{ resign }
0-1

[Event "Match"]
[Site "www.echecsemail.com"]
[Date "2016.02.11"]
[Round "1"]
[White "Ericleo1980"]
[Black "Cristiano"]
[WhiteElo "2280"]
[BlackElo "2180"]
[Result "1-0"]
[Round "1"]
1.e4 c5
2.Ng1f3 d6
3.d4 cxd4
4.Nf3xd4 Ng8f6
5.Nb1c3 a6
6.Bc1e3 e6
7.f3 Bf8e7
8.Qd1d2 Nb8d7
9.g4 h6
10.O-O-O Qd8c7
11.h4 b5
12.Bf1g2 Bc8b7
13.g5 hxg5
14.hxg5 Rh8xh1
15.Rd1xh1 Nf6g8
16.g6 Nd7e5
17.gxf7 Kxf7
18.Bg2h3 Bb7c8
19.Qd2g2 b4
20.Nc3e2 Ne5d3
21.Kb1 Nd3c5
22.Rh1g1 Be7f6
23.Qg2g6 Kf8
24.Be3g5 Qc7f7
25.Qg6h7 Bc8d7
26.Bg5xf6 Qf7xf6
27.Rg1g6 Qf6f7
28.Ne2g3 e5
29.Nd4f5 Bd7xf5
30.Ng3xf5 Ng8f6
31.Qh7h8 Qf7g8
32.Rg6xf6 { resign }
1-0

[Event "Match"]
[Site "www.echecsemail.com"]
[Date "2016.02.11"]
[Round "1"]
[White "Wwgia"]
[Black "Starwind"]
[WhiteElo "2150"]
[BlackElo "1809"]
[Result "0-1"]
[Round "1"]
1.d4 Ng8f6
2.c4 g6
3.Nb1c3 d5
4.Ng1f3 Bf8g7
5.cxd5 Nf6xd5
6.e4 Nd5xc3
7.bxc3 c5
8.Ra1b1 O-O
9.Bf1e2 cxd4
10.cxd4 Qd8a5
11.Bc1d2 Qa5xa2
12.O-O Bc8g4
13.Bd2g5 h6
14.Bg5e3 Nb8c6
15.Rb1a1 Qa2b2
16.Ra1b1 Qb2a3
17.d5 Bg4xf3
18.Be2xf3 Nc6e5
19.Rb1xb7 Ne5xf3
20.Qd1xf3 a5
21.h4 a4
22.h5 g5
23.Qf3f5 Qa3d3
24.Rb7xe7 a3
25.Be3xg5 hxg5
26.Qf5xg5 a2
27.h6 Qd3xf1
28.Kxf1 a1Q
{ resign }
0-1

[Event "Match"]
[Site "www.echecsemail.com"]
[Date "2016.02.11"]
[Round "1"]
[White "Gimmyg"]
[Black "Cardiff"]
[WhiteElo "2490"]
[BlackElo "2000"]
[Result "1-0"]
[Round "1"]
1.d4 Ng8f6
2.Ng1f3 g6
3.c4 d6
4.Nb1c3 Bf8g7
5.Bc1g5 h6
6.Bg5h4 c6
7.e3 O-O
8.Bf1e2 Qd8c7
9.Qd1c2 e5
10.O-O Bc8g4
11.Ra1d1 Nb8d7
12.h3 Bg4xf3
13.Be2xf3 Rf8e8
14.Bh4g3 Ra8c8
15.b4 a6
16.c5 dxc5
17.dxc5 Nd7f8
18.Nc3a4 Rc8d8
19.Na4b6 Nf8e6
20.a3 Rd8xd1
21.Rf1xd1 g5
22.Nb6c4 Nf6d7
23.Nc4d6 Re8f8
24.Qc2f5 b6
25.Bf3h5 bxc5
26.Bh5xf7 { resign }
1-0

[Event "Match"]
[Site "www.echecsemail.com"]
[Date "2016.02.11"]
[Round "1"]
[White "Karlgrocer"]
[Black "Ericleo1980"]
[WhiteElo "1960"]
[BlackElo "2330"]
[Result "1-0"]
[Round "1"]
1.Ng1f3 d5
2.e3 c5
3.Bf1e2 Ng8f6
4.O-O Nb8c6
5.b3 e5
6.Bc1b2 Bf8d6
7.d3 O-O
8.Nb1d2 a6
9.e4 d4
10.c4 Nf6e8
11.Ra1b1 g6
12.a3 f5
13.exf5 gxf5
14.Qd1c2 a5
15.a4 Kh8
16.Bb2c1 Rf8g8
17.Rf1e1 Ne8f6
18.Nd2f1 f4
19.Qc2d1 Bc8h3
20.Nf3h4 Rg8g7
21.g3 Nc6e7
22.Be2f3 Qd8d7
23.Bf3g2 Ra8g8
24.Qd1f3 Bh3xg2
25.Nh4xg2 Ne7c6
26.Nf1d2 Qd7h3
27.Nd2f1  { time }
1-0

[Event "Match"]
[Site "www.echecsemail.com"]
[Date "2016.02.11"]
[Round "1"]
[White "Ericleo1980"]
[Black "Wwgia"]
[WhiteElo "2330"]
[BlackElo "2220"]
[Result "0-1"]
[Round "1"]
1.e4 c5
2.Ng1f3 Nb8c6
3.d4 cxd4
4.Nf3xd4 g6
5.Nb1c3 Bf8g7
6.Bc1e3 Ng8f6
7.Bf1c4 O-O
8.Bc4b3 a5
9.a4 Nc6b4
10.e5 Nf6e8
11.f4 d6
12.e6 fxe6
13.Bb3xe6 Kh8
14.Be6b3 e5
15.fxe5 dxe5
16.Nd4f3 Bc8f5
17.Qd1xd8 Ra8xd8
18.Ra1c1 h6
19.Be3b6 Rd8a8
20.Bb6c5 Rf8f7
21.Bb3xf7 Nb4xc2
22.Kf2 Ne8f6
23.Nf3xe5 Ra8c8
24.Bc5b6 Nc2b4
25.Rc1d1 Rc8xc3
26.bxc3 Nf6e4
27.Kg1 Bg7xe5
 { time }
0-1

[Event "1/64 Finale"]
[Site "www.chess-mail.com"]
[Date "2016.02.11"]
[Round "1"]
[White "Knightjumper"]
[Black "Avg"]
[WhiteElo "1670"]
[BlackElo "1939"]
[Result "0-1"]
[Round "1"]
1.d4 f5
2.e4 fxe4
3.Nb1c3 Ng8f6
4.Bc1g5 Nb8c6
5.d5 Nc6e5
6.Qd1d4 Ne5f7
7.h4 c6
8.Bg5xf6 exf6
9.Qd4xe4 Qd8e7
10.Qe4xe7 Bf8xe7
11.O-O-O O-O
12.Ng1f3 Be7b4
13.Nc3e4 Rf8e8
14.Ne4g3 d6
15.c3 Bb4c5
16.dxc6 bxc6
17.Bf1d3 Bc5xf2
18.Ng3f5 Bf2e3
 { time }
0-1

[Event "1/128 Finale"]
[Site "www.chess-mail.com"]
[Date "2016.02.11"]
[Round "1"]
[White "Chtoubidou"]
[Black "Cristiano"]
[WhiteElo "1920"]
[BlackElo "2040"]
[Result "1-0"]
[Round "1"]
1.d4 d5
2.Ng1f3 Ng8f6
3.Bc1g5 Nf6e4
4.Bg5f4 c5
5.c3 Nb8c6
6.e3 e6
7.Bf1d3 Bf8d6
8.Bf4xd6 Qd8xd6
9.O-O Bc8d7
10.Bd3xe4 dxe4
11.Nf3e1 { resign }
1-0

[Event "Eq:Royal chess-La Taverne : "]
[Site "www.chess-mail.com"]
[Date "2016.02.11"]
[Round "1"]
[White "Cal"]
[Black "Coraza8091"]
[WhiteElo "1289"]
[BlackElo "1710"]
[Result "1-0"]
[Round "1"]
1.Nb1c3 e5
2.e4 Bf8c5
3.Ng1f3 Nb8c6
4.a3 Ng8f6
5.Bf1b5 Nf6g4
6.O-O b6
7.d3 Nc6e7
8.Bc1e3 c6
9.Bb5a4 O-O
10.Be3xc5 bxc5
11.h3 Ng4f6
12.Nf3xe5 Bc8a6
13.Qd1f3 Ra8b8
14.Nc3e2 Rb8xb2
15.Ba4b3 d6
16.Ne5g4 Qd8b6
17.e5 Nf6xg4
18.Qf3xg4 dxe5
19.Ne2g3 Rb2xb3
20.cxb3 Ba6xd3
21.Rf1e1 Qb6xb3
22.Re1xe5 Rf8e8
23.Ng3h5 Bd3g6
24.Nh5f4 Qb3b2
25.Ra1e1 h5
26.Qg4g5 f6
27.Qg5g3 fxe5
28.Nf4e6 Qb2d2
29.Qg3xe5 Ne7f5
30.g4 hxg4
31.hxg4 Re8xe6
32.Qe5xe6 Bg6f7
33.Qe6c8 Kh7
34.Qc8xf5 Bf7g6
35.Qf5e5 c4
36.Kg2 c3
37.Qe5h2 Kg8
38.Qh2b8 Kf7
39.Qb8e8 Kf6
40.Qe8e7 { resign }
1-0

[Event "Fast Game"]
[Site "www.echecsemail.com"]
[Date "2016.02.11"]
[Round "1"]
[White "Shlomo"]
[Black "Cal"]
[WhiteElo "1599"]
[BlackElo "1490"]
[Result "0-1"]
[Round "1"]
1.e4 e5
2.Ng1f3 d6
3.d4 exd4
4.Nf3xd4 h6
5.f4 a6
6.Bf1c4 Ng8f6
7.Nb1c3 c6
8.e5 Bc8g4
9.Qd1d3 dxe5
10.fxe5 Nf6h7
11.O-O Bf8c5
12.Bc1e3 O-O
13.Nc3a4 Bc5xd4
14.Be3xd4 Nb8d7
15.Qd3g6 Qd8g5
16.Rf1f6 Nd7xf6
17.Qg6xg5 hxg5
18.exf6 b5
19.fxg7 Rf8d8
20.Na4b6 Ra8b8
21.Bc4xf7 Kxf7
22.c3 b4
23.a4 Rd8xd4
24.cxd4 Rb8xb6
25.h3 Bg4e2
26.Kf2 Be2c4
27.Ra1e1 Kxg7
28.Kf3 Bc4d5
29.Ke3 Bd5xg2
30.Re1c1 Bg2xh3
31.a5 Rb6b5
32.Rc1xc6 Rb5xa5
{ resign }
0-1